000 01077nam2a22002411 4500
001 RU\NLR\Per\591001
005 20250617170805.0
035 _a(NLR Aleph) 002831157
090 _a2844497
_c2844497
100 _a20090212d2008 |||y0rusy50 ca
101 0 _arus
102 _aRU
105 _ay |||||||||
200 0 _a2008, вып. 3
210 _d2008
_aБ. м.
461 0 _1001RU\NLR\INFOCOMM19\1000062179
_12001#$aВестник Международной академии холода$dBulletin of the International academy of refrigeration$eНауч.-теорет. журн.$zeng$v2008, вып. 3
_92788959
_aМеждународная академия холода (Санкт-Петербург)
_cСПб.
_d1998 -
_lBulletin of the International academy of refrigeration
_nБ. и.
_oНауч.-теорет. журн.
_tВестник Международной академии холода
_v2008, вып. 3
801 1 _aRU
_bInfoComm
_c20040430
801 0 _aRU
_bNLR
_gPSBO
852 _aNLR
_jП11/4168
942 _cISSUE
980 _aNB
980 _aRUSPER